Statistics for Largest Cities in Arab League

Click here to take the quiz!

General Stats

  • This quiz has been taken 54 times
    (18 since last reset)
  • The average score is 26 of 36

Answers on the Map

Answers color-coded by a green-red scale on the quiz's map according to % correct below.
 

Answer Stats

Pop (M)City% Correct
21.8Cairo
100%
7.5Riyadh
100%
1.5Abu Dhabi
93%
5.5Alexandria
93%
2.2Amman
93%
7.5Baghdad
93%
3.8Casablanca
93%
1.6Muscat
93%
2.9Algiers
86%
2.5Damascus
86%
3.0Dubai
86%
1.9Rabat
86%
3.2Sana'a
86%
1.2Tripoli
86%
2.4Tunis
86%
2.4Beirut
79%
4.8Jeddah
79%
6.2Khartoum
79%
3.2Kuwait City
79%
1.0Marrakesh
79%
2.1Mecca
79%
2.1Aleppo
71%
1.5Medina
71%
1.4Nouakchott
71%
1.3Tangier
71%
1.3Dammam
64%
2.5Mogadishu
64%
1.7Mosul
64%
1.0Aden
57%
1.4Basra
57%
1.4Homs
50%
1.3Fès
43%
1.8Sharjah
43%
1.1Hargeisa
29%
1.1Kirkuk
21%
1.0Nyala
21%

Score Distribution

Percentile by Number Answered

Percent of People with Each Score

Your Score History

You have not taken this quiz since the last reset